00000000nam##2200000za#4500
0019.697706
003CaOODSP
00520210624235612
007cr |||||||||||
008150407|1975||||xxc|||||o    f|0| 0 eng|d
040 |aCaOODSP|beng
043 |an-cn---
0861 |aA53-1466/1975E-PDF
1101 |aCanada.|bAgriculture Canada.|bResearch Branch.
24510|aFarming potential of the Canadian Northwest / |h[electronic resource]|c[by] Robert E. Harris, Alfred C. Carder, William L. Pringle, Paul B. Hoyt, Donald G. Faris and Peter Pankiw, Research Station, Beaverlodge, Alberta.
260 |aOttawa - Ontario : |bAgriculture Canada. |cPrinted 1972, [c]1975.
300 |a28p.|bmap, tables, photographs
500 |aHistorical publication digitized by Agriculture and Agri-Food Canada.
504 |aBibliography.
590 |a13-17-Supp|b2013-07-25
69007|aAgriculture|2gcpds
69007|aFarming|2gcpds
69007|aFarmlands|2gcpds
85640|ahttp://publications.gc.ca|qPDF|s1.86 MB|uhttps://publications.gc.ca/collections/collection_2013/aac-aafc/agrhist/A53-1466-1975-eng.pdf
986 |a1466